Legendary Pokémon Trivia - Statistics

General Stats
  • This quiz has been taken 35 times
  • The average score is 11 of 20
Answer Stats
Hint Answer % Correct
Which member of the Swords of Justice has the lowest Special Defense Cobalion
84%
A Legendary Pokémon that can be either gender witha 50/50 split Heatran, Terapagos
80%
The Willpower Pokémon Azelf
76%
The only type not represented amongst Legendary Pokémon (not including type changes via held items) Bug
76%
Xerneas' Ability Fairy Aura
68%
The region in which Ogerpon was first discovered Kitakami
68%
In Ruby & Sapphire, what move is required as part of the puzzle to encounter Regirock? Strength
64%
What part of Galar are the Galarian Legendary Birds found? The Crown Tundra
60%
The only Legendary Pokémon to have their base stats reduced between generations Zacian, Zamazenta
60%
The Legendary Pokémon that is part of a duo with a Mythical Pokémon Cresselia
56%
Groudon's signature move Precipice Blades
56%
The Base stat total of both of Mewtwo's Mega Evolved forms 780
52%
A Dark type Legendary Pokémon that learns Earthquake via level up Ting-Lu
52%
The female character of the Delta Episode (ORAS) that is looking for Rayquaza Zinnia
52%
This Legendary Pokémon is the main feature of the EP:02 - 'Legend? Go! Friends? Go!' of the Pokémon Journeys Anime Lugia
48%
A Legendary Pokémon that can learn Noble Roar, formerly the signature move of Litleo and Pyroar Reshiram, Zekrom, Kyurem,Solgaleo, Zacian
48%
The first Legendary Pokémon to get a special battle theme The Legendary Beasts - Raikou, Entei & Suicune
40%
Pokémon Heroes features which Legendary Pokémon? Latias, Latios
32%
Where is Moltres encountered in Fire Red & Leaf Green Mt. Ember
28%
Suicune's Hidden Ability Inner Focus
24%
No matching quizzes found
Score Distribution
Percent of People with Each Score
Percentile by Number Answered
Your Score History
You have not taken this quiz